• 首页
  • 本馆介绍
  • 公告通知
  • 最新文献
  • 馆藏检索
  • 电子资源
  • 读者导购
  • 参考咨询
  • 我的图书馆
  • 登录
  • 详细信息显示
  • 放入我的书架
  • 预约/预借图书
  • 作者相关作品
  • 分类相关作品
  • 丛书相关作品
  • 出版社相关作品

书目信息

  • 表格格式
  • 工作单格式
  • 卡片格式
题名:
西方通俗小说
    
 
作者: 王晶 著
分册:  
出版信息: 昆明   云南人民出版社  2002
页数: 218页
开本: 19cm
丛书名:
单 册:
中图分类: I106.4
科图分类:
主题词: 通俗文学--小说--文学研究--西方国家
电子资源:
ISBN: 7-222-03479-X
000 00640nam0 2200205 45
001 0310270169
005 20031219104121.0
010    @a7-222-03479-X@dCNY16.00
100    @a20031027d2002 km y0chiy0120 ea
101 0  @achi
105    @a z 000yy
200 1  @a西方通俗小说@AXi Fang Tong Su Xiao Shuo@e类型与价值@ELei Xing Yu Jia Zhi@f王晶著@FWang Jing Zhu
210    @a昆明@c云南人民出版社@d2002
215    @a218页@d19cm
517    @a类型与价值@ALei Xing Yu Jia Zhi
606 0  @a通俗文学@x小说@x文学研究@y西方国家
690    @aI106.4@v4
701  0 @a王晶@4著
801    @aCN@bTSTC@c20031027
905    @a213230@b327663-667@dI106.4@e107@f5
    
    西方通俗小说:类型与价值/王晶著.-昆明:云南人民出版社,2002
    218页;19cm
    
    
    ISBN 7-222-03479-X:CNY16.00
    
●
相关链接 在E读中查询图书 在五车中查询图书 在当当中查询图书 在豆瓣中查询图书


正题名:西方通俗小说     索取号:I106.4/107         预约/预借

序号 登录号 条形码 馆藏地/架位号 状态 备注
1 0327663   203276631   第二借阅区/ [索取号:I106.4/107] 在馆    
2 0327664   203276640   第二借阅区/ [索取号:I106.4/107] 在馆    
3 0327665   203276659   第二借阅区/ [索取号:I106.4/107] 在馆    
4 0327666   203276668   第二借阅区/ [索取号:I106.4/107] 在馆    
5 0327667   203276677   第一样本阅览室/ [索取号:I106.4/107] 在馆    
唐山师范学院图书馆 欢迎您!
大连网信软件有限公司© 版权所有